LEADER 00936nam0-2200289 --450 001 9910977384803321 005 20250909141751.0 010 $a978-88-13-39030-3 100 $a20250213d2024----kmuy0itay5050 ba 101 0 $aita 102 $aIT 105 $a 001yy 200 1 $a<>procura europea$estruttura e legittimazione dell'ufficio, adeguamento dell'ordinamento nazionale e diritti della difesa$fLuigi Palmieri 210 $aMilano$cWolters Kluwer CEDAM$dİ2024 215 $aXIII, 278 p.$d24 cm 225 1 $aProblemi attuali della giustizia penale. Studi$v129 676 $a345.24050269$v23$zita 700 1$aPalmieri,$bLuigi$f<1937- >$0325605 801 0$aIT$bUNINA$gREICAT$2UNIMARC 901 $aBK 912 $a9910977384803321 952 $aXII I 23 (129)$b2025/121$fFGBC 952 $a5,2-281(129)$bP1184$fDSPCP 959 $aFGBC 959 $aDSPCP 996 $aProcura europea$94431413 997 $aUNINA